|
|
|
|
| LEADER |
00679ntm a2200181 i 4500 |
| 001 |
misc57134 |
| 005 |
20200923143254.0 |
| 008 |
200617s1960 hu o 0|| eng d |
| 040 |
|
|
|a SZTE Miscellanea Repozitórium
|b hun
|
| 041 |
|
|
|a eng
|
| 041 |
|
|
|a chi
|
| 100 |
1 |
|
|a Wang Huiling
|
| 245 |
1 |
0 |
|a Wang Hui-ling [Wang Huiling] angol szakos tanársegéd levele Kalmár Lászlóhoz [5.]
|h [elektronikus dokumentum] /
|c Wang Huiling
|
| 260 |
|
|
|c 1960-01-31
|
| 300 |
|
|
|a 1 fol. + 1 boríték
|c 26 x 18 cm
|
| 561 |
|
|
|a Kalmár László kínai hagyaték
|
| 695 |
|
|
|a Levelezés - Wang Hui-ling - Kalmár László
|
| 856 |
4 |
0 |
|u http://misc.bibl.u-szeged.hu/57134/1/kalmar_005_06.pdf
|z Dokumentum-elérés
|